• 首页
  • 本馆介绍
  • 公告通知
  • 最新文献
  • 馆藏检索
  • 电子资源
  • 读者导购
  • 参考咨询
  • 我的图书馆
  • 登录
  • 详细信息显示
  • 放入我的书架
  • 预约/预借图书
  • 作者相关作品
  • 分类相关作品
  • 丛书相关作品
  • 出版社相关作品

书目信息

  • 表格格式
  • 工作单格式
  • 卡片格式
题名:
开源与节流
    
 
作者: 戎文佐 编著
分册:  
出版信息: 北京   轻工业出版社  1982
页数: 114页
开本: 19cm
丛书名:
单 册:
中图分类: F404.8
科图分类:
主题词: 服装工业-增产节约 , 增产节约-服装工业
电子资源:
ISBN:
000 00621nam0 2200241 45
001 0182003332
005 20060731081140.15
010    @dCNY0.31
091    @aCN@b4042.014
100    @a19950308d1982 em y0chiy0121 ea
101 0  @achi
102    @aCN@b110000
105    @ay z 000yy
200 10 @a开源与节流@Akai yuan yu jie liu@f戎文佐编著
210    @a北京@c轻工业出版社@d1982
215    @a114页@d19cm
606    @a服装工业-增产节约
606    @a增产节约-服装工业
690    @aF404.8@v3
701  0 @a戎文佐@Arong wen zuo@4编著
801  2 @aCN@bNLC@c20060731
801  0 @aCN@bTSSF
905    @a10447@dF404.8@e91
    
    开源与节流/戎文佐编著.-北京:轻工业出版社,1982
    114页;19cm
    
    
    ISBN :CNY0.31
    
●
相关链接 在E读中查询图书 在五车中查询图书 在当当中查询图书 在豆瓣中查询图书


正题名:开源与节流     索取号:F404.8/91         预约/预借

序号 登录号 条形码 馆藏地/架位号 状态 备注
1 0440636   204406366   密集书库/ [索取号:F404.8/91] 在馆    
唐山师范学院图书馆 欢迎您!
大连网信软件有限公司© 版权所有